00658nam a2200205Ia 450000500170000000800410001704000190005804100120007708200150008910000410010424500640014526000440020930000100025365000250026370000330028885000100032194200070033199900170033895200970035520230605100647.0131103s9999 xx 000 0 und d aLoreto College aEnglish a808.5bHOW aMutual improvement Societies, London aHow to debateb a manual for cMutual improvement Societies aLondonbWalter Scott Publishingc[19-?] a35p.  aDebates and debating aMutual improvement Societies aLCLIB cBK c21132d71611 00102ddc4070aMAINbMAINd2013-11-04l0o808.5 HOW pB23225r2013-11-04w2013-11-04yBKf